| 000 | 00436nam a2200193Ia 4500 | ||
|---|---|---|---|
| 005 | 20240823054541.0 | ||
| 008 | 240823s9999||||xx |||||||||||||| ||und|| | ||
| 041 | _aENGLISH | ||
| 082 | _A418 Q1 | ||
| 100 | _aMichael Swan | ||
| 245 | 0 | _aPractical English Usage | |
| 250 | _a1st | ||
| 260 |
_c2015 _bOxford University |
||
| 500 | _aYES | ||
| 650 |
_aEnglish _bEnglish |
||
| 700 | _a David Baker | ||
| 942 | _cBK | ||
| 999 |
_c226714 _d226714 |
||